header

The handbook of information and computer ethics (Record no. 34989)

MARC details
000 -LEADER
fixed length control field 01296nam a2200337 a 4500
082 04 - DEWEY DECIMAL CLASSIFICATION NUMBER
Classification number 004.01/9
245 04 - TITLE STATEMENT
Title The handbook of information and computer ethics
260 ## - PUBLICATION, DISTRIBUTION, ETC. (IMPRINT)
Place of publication Hoboken, N.J. :
Name of publisher Wiley,
Year of publication c2008.
300 ## - PHYSICAL DESCRIPTION
Number of Pages xxxi, 671 p. :
Other physical details ill.
650 #0 - SUBJECT ADDED ENTRY--TOPICAL TERM
Topical Term Electronic data processing
700 1# - ADDED ENTRY--PERSONAL NAME
Personal name Himma, Kenneth Einar.
Personal name Tavani, Herman T.
856 40 - ELECTRONIC LOCATION AND ACCESS
Uniform Resource Identifier http://site.ebrary.com/lib/rucke/Doc?id=10249052

No items available.

© 2026 Rongo University
Contact us: librarian | system librarian | Rongo university